Statistics for Countries With Most Maritime Borders

Click here to take the quiz!

General Stats

  • This quiz has been taken 55 times
  • The average score is 14 of 19

Answer Stats

BordersAnswer% Correct
9China
98%
21UK
98%
18USA
98%
15Russia
96%
29France
92%
12Indonesia
90%
11Italy
88%
8Malaysia
85%
8Philippines
83%
10Saudi Arabia
81%
8Turkey
77%
8Netherlands
65%
9Sweden
65%
9Egypt
63%
10Iran
63%
8Vietnam
63%
8Colombia
56%
14Venezuela
52%
8Honduras
10%

Score Distribution

Percentile by Number Answered

Percent of People with Each Score

Your Score History

You have not taken this quiz